000 00565nam a2200241 a 4500
001 nice12345678
003 IN_TiNIC
005 20260116012116.0
008 050524s0000 lona grp 000 0 eng
020 _a
_c100
082 0 0 _a231
_bSNA
100 _aSnaith, John
245 _aPhilosophy of Spirit.
260 _aLondon
_bHodder & Stoughton
_c0000
300 _a405p
500 _aincludes index and biblioraphy
505 2 _aAppendix
650 _aPhilosophy-History
700 1 _aSnaith, John
902 _bRBA
942 _cBK
999 _c5678
_d5678